00637nam a2200169Ia 4500008004100000020001800041041000800059082001600067100002000083245014900103250000600252260002000258300001100278650002200289999001900311952013700330210716s2005 xx 000 0 und d a9788183221153 aeng a374.22 HOIJ aHoisington, Tj. aIf you think you can: thirteen laws that govern the performance of high achievers.bThirteen laws that govern the performance of high achievers. a1 aNew Delhic2005 axv,181 aGeneral Knowledge c208740d208740 001040708MBAaAIMITbAIMITd2014-10-28g150.00l1o374.22 HOIJpMBA11306r2026-05-23 00:00:00s2024-10-23v112.50w2021-07-16yBK